Normal view MARC view
  • Chakravarty, Roma,

Entry Personal Name

Number of records used in: 1

001 - CONTROL NUMBER

  • control field: 6450

003 - CONTROL NUMBER IDENTIFIER

  • control field: OSt

005 - DATE AND TIME OF LATEST TRANSACTION

  • control field: 20170519114216.0

008 - FIXED-LENGTH DATA ELEMENTS

  • fixed length control field: 170519|| aca||aabn | a|a d

040 ## - CATALOGING SOURCE

  • Original cataloging agency: OSt
  • Transcribing agency: OSt

100 ## - HEADING--PERSONAL NAME

  • Personal name: Chakravarty, Roma,
  • Relator term: ill.

670 ## - SOURCE DATA FOUND

  • Source citation: Work cat.: (OSt)0: Parkinson, C. Northcote 6449, Excellence in management /, 1982
Pusat Sumber Maklumat Dato' Haji Sarmin Md Hussin, Akademi Kastam Diraja Malaysia, Melaka
Tel: 06-2331106 | Faks: 06-2313787